| 000 | 01281nam a2200349 a 4500 | ||
|---|---|---|---|
| 001 | ebr10236819 | ||
| 003 | CaPaEBR | ||
| 006 | m u | ||
| 007 | cr cn||||||||| | ||
| 008 | 080903s2001 enk sb 001 0 eng d | ||
| 020 | _z9781859572894 | ||
| 020 | _z9781859574119 | ||
| 020 | _z1859572898 | ||
| 040 |
_aCaPaEBR _cCaPaEBR |
||
| 035 | _a(OCoLC)560501073 | ||
| 050 | 1 | 4 |
_aQD381 _b.B76 2001eb |
| 100 | 1 | _aBrown, R. P. | |
| 245 | 1 | 0 |
_aPolymers in sport and leisure _h[electronic resource] / _cR.P. Brown. |
| 260 |
_aShawbury, U.K. : _bRapra Technology Ltd., _c2001. |
||
| 300 | _a112 p. | ||
| 490 | 1 |
_aRapra review reports. Report 135 ; _vv. 12, no. 3 |
|
| 504 | _aIncludes bibliographical references and index. | ||
| 533 |
_aElectronic reproduction. _bPalo Alto, Calif. : _cebrary, _d2009. _nAvailable via World Wide Web. _nAccess may be limited to ebrary affiliated libraries. |
||
| 650 | 0 | _aPolymers. | |
| 650 | 0 | _aManufacturing processes. | |
| 650 | 0 | _aSports. | |
| 650 | 0 | _aLeisure. | |
| 655 | 7 |
_aElectronic books. _2local |
|
| 710 | 2 | _aebrary, Inc. | |
| 830 | 0 |
_aRapra review reports. _nReport 135 ; _vv. 12, no. 3. |
|
| 856 | 4 | 0 |
_uhttp://site.ebrary.com/lib/rucke/Doc?id=10236819 _zAn electronic book accessible through the World Wide Web; click to view |
| 999 |
_c37094 _d37094 |
||